00322 a2200109 4500001001000000005001700010008004100027245003800068100002100106773006800127999001700195ART_4069920260410162005.0260409a 10aEl nombre en las personas humanas1 aMontalto, Ana M.0 tTemas de derecho civilg- Año 2, Nº 11 (nov. 2016)wREV34778 c31652d31652